বংশানুবিদ্যা / (Record no. 44363)
[ view plain ]
| 000 -LEADER | |
|---|---|
| fixed length control field | 00847nam a2200241 a 4500 |
| 001 - CONTROL NUMBER | |
| control field | 44363 |
| 003 - CONTROL NUMBER IDENTIFIER | |
| rucl marc code | BD-RjUL |
| 005 - DATE AND TIME OF LATEST TRANSACTION | |
| control field | 20211209053837.0 |
| 008 - FIXED-LENGTH DATA ELEMENTS--GENERAL INFORMATION | |
| fixed length control field | 160717s1986 bg ||||| |||| 00| 0 ben d |
| 020 ## - INTERNATIONAL STANDARD BOOK NUMBER | |
| Terms of availability | : Tk. 120.00 |
| 035 ## - SYSTEM CONTROL NUMBER | |
| System control number | (BD-RjUL)44481 |
| 040 ## - CATALOGING SOURCE | |
| Original cataloging agency | BD-RjUL |
| Language of cataloging | ben |
| Transcribing agency | BD-RjUL |
| Modifying agency | BD-RjUL |
| 041 ## - LANGUAGE CODE | |
| Language code of text/sound track or separate title | ben |
| 082 ## - DEWEY DECIMAL CLASSIFICATION NUMBER | |
| Edition number | 23 |
| Classification number | 576.5 |
| Author mark and year | KAB 1986 |
| 100 1# - MAIN ENTRY--PERSONAL NAME | |
| Personal name | কালাম, মুহাম্মদ আবুল |
| 9 (RLIN) | 136157 |
| 245 10 - TITLE STATEMENT | |
| Title | বংশানুবিদ্যা / |
| Statement of responsibility, etc. | মুহাম্মদ আবুল কালাম |
| 250 ## - EDITION STATEMENT | |
| Edition statement | ১ম সং. |
| 260 ## - PUBLICATION, DISTRIBUTION, ETC. (IMPRINT) | |
| Place of publication, distribution, etc. | ঢাকা : |
| Name of publisher, distributor, etc. | বাংলা একাডেমী, |
| Date of publication, distribution, etc. | ১৯৮৬. |
| 300 ## - PHYSICAL DESCRIPTION | |
| Pagination | ৩৯০ পৃ. : |
| Illustrations | চিত্র. ; |
| Size | ২০ সেমি. |
| 650 ## - SUBJECT ADDED ENTRY--TOPICAL TERM | |
| Topical term or geographic name as entry element | বংশানুবিদ্যা |
| 9 (RLIN) | 136158 |
| Topical term or geographic name as entry element | Genetics |
| 9 (RLIN) | 117737 |
| 942 ## - ADDED ENTRY ELEMENTS (KOHA) | |
| Source of classification or shelving scheme | Dewey Decimal Classification |
| Koha item type | Books |
| Lost status | Source of classification or shelving scheme | Damaged status | Not for loan | Collection code | Permanent Location | Current Location | Shelving location | Date acquired | Source of acquisition | Cost, normal purchase price | Total Checkouts | Full call number | Date last seen | Copy number | Koha item type |
|---|---|---|---|---|---|---|---|---|---|---|---|---|---|---|---|
| Dewey Decimal Classification | Non-fiction | Central Library, University of Rajshahi | Central Library, University of Rajshahi | 29/10/1987 | Bangla Academy, Dhaka | 120.00 | B 576.5 KAB 1986 | 17/07/2016 | C-2 | Books | |||||
| Dewey Decimal Classification | Non-fiction | Central Library, University of Rajshahi | Central Library, University of Rajshahi | 11/10/1972 | Bangla Academy, Dhaka | 120.00 | B 576.5 KAB 1986 | 21/07/2016 | C-3 | Books | |||||
| Dewey Decimal Classification | Non-fiction | Central Library, University of Rajshahi | Central Library, University of Rajshahi | 29/10/1987 | Bangla Academy, Dhaka | 120.00 | B 576.5 KAB 1986 | 26/09/2016 | C-4 | Books | |||||
| Dewey Decimal Classification | Non-fiction | Central Library, University of Rajshahi | Central Library, University of Rajshahi | 29/10/1987 | Bangla Academy, Dhaka | 120.00 | B 576.5 KAB 1986 | 26/11/2016 | C-5 | Books | |||||
| Dewey Decimal Classification | Non-fiction | Central Library, University of Rajshahi | Central Library, University of Rajshahi | 29/10/1987 | Bangla Academy, Dhaka | 120.00 | B 576.5 KAB 1986 | 27/11/2016 | C-7 | Books | |||||
| Dewey Decimal Classification | Non-fiction | Central Library, University of Rajshahi | Central Library, University of Rajshahi | 29/10/1987 | Bangla Academy, Dhaka | 120.00 | B 576.5 KAB 1986 | 27/11/2016 | C-8 | Books | |||||
| Dewey Decimal Classification | Not For Loan | Non-fiction | Central Library, University of Rajshahi | Central Library, University of Rajshahi | Reading Room | 09/12/2021 | Bangla Academi, Dhaka | 120.00 | B 576.5 KAB 1986 | 24/04/2017 | C-1 | Books |